[Event "Aut_2.Bundesliga_Ost_2003/04"]
[Site "Bruck/Leitha (1+2), Wien (3+4), Eichgraben (5-7), Wien (8+9), Eichgraben (10+11)"]
[Date "2003.10.25"]
[Round "1"]
[Board "6"]
[White "Steiner, Johann"]
[Black "Schirmbeck, Hannes"]
[Result "0-1"]
[WhiteElo "2071"]
[BlackElo "2117"]
[PlyCount "94"]

1.e4 e5 2.Nf3 Nc6 3.d4 exd4 4.Bc4 Nf6 5.O-O Nxe4 6.Re1 d5 7.Bxd5 Qxd5 8.Nc3 Qh5
9.Nxe4 Be6 10.Neg5 O-O-O 11.Nxe6 fxe6 12.Rxe6 Bd6 13.Bd2 Rhf8 14.h3 Qd5 15.Qe2
Rxf3 16.gxf3 Ne5 17.Rxe5 Bxe5 18.Qe4 d3 19.c3 Bf6 20.b3 Qd7 21.Qg4 Re8 22.Rd1
Re6 23.Be3 h5 24.Qf5 Rd6 25.Qxd7+ Rxd7 26.c4 a6 27.f4 b5 28.cxb5 axb5 29.Kg2 Rd6
30.Kf3 Ra6 31.Rxd3 Rxa2 32.Ke4 Rb2 33.Kd5 Kb7 34.Kc5 Ka6 35.Kb4 Rc2 36.Bc5 Bb2
37.Rd7 Bc3+ 38.Ka3 Rc1 39.b4 Kb7 40.Rd5 h4 41.Be7 c6 42.Rd7+ Kc8 43.Rd8+ Kc7
44.Bxh4 Rb1 45.Rg8 Kd6 46.f5 Kd5 47.f6 Kc4

[Event "Aut_2.Bundesliga_Ost_2003/04"]
[Site "Bruck/Leitha (1+2), Wien (3+4), Eichgraben (5-7), Wien (8+9), Eichgraben (10+11)"]
[Date "2003.10.25"]
[Round "1"]
[Board "2"]
[White "Vavrak, Peter"]
[Black "Neubauer, Martin"]
[Result "0-1"]
[WhiteElo "2338"]
[BlackElo "2418"]
[PlyCount "146"]

1.d4 Nf6 2.Nf3 c5 3.d5 b5 4.c4 g6 5.cxb5 a6 6.b6 d6 7.Nc3 Nbd7 8.e4 Bg7 9.Be2
O-O 10.O-O Nxb6 11.Nd2 a5 12.a4 Ne8 13.Re1 Nc7 14.Nf1 e6 15.dxe6 Nxe6 16.Nb5 Nd4
17.Nxd4 Bxd4 18.Qc2 d5 19.Bf3 Bb7 20.Be3 Bxe3 21.Nxe3 d4 22.Nc4 Nxc4 23.Qxc4 Qb6
24.Rec1 Rfe8 25.Qb5 Qxb5 26.axb5 a4 27.e5 Bxf3 28.gxf3 Ra5 29.b4 Rxb5 30.Rxc5
Rxc5 31.bxc5 d3 32.c6 Rxe5 33.c7 Rc5 34.Rxa4 Rxc7 35.Rd4 Rc3 36.f4 Kg7 37.Rd6
Kf8 38.Kg2 Ke7 39.Rd4 Ke6 40.Kf3 d2+ 41.Kg2 Rc2 42.Kf3 h6 43.Rd8 Rc3+ 44.Kg2 Kf5
45.Rxd2 Kxf4 46.Rd6 Ke5 47.Ra6 Rd3 48.Ra5+ Rd5 49.Ra6 Rd6 50.Ra5+ Rd5 51.Ra6 f6
52.Kg3 g5 53.Ra8 Kf5 54.Rh8 Rd3+ 55.Kg2 Kg6 56.Rg8+ Kf7 57.Rh8 Kg7 58.Ra8 g4
59.Ra4 h5 60.Rb4 Kg6 61.Ra4 Kg5 62.Rb4 h4 63.Rb1 f5 64.Ra1 Kf4 65.Re1 Rd2 66.Kf1
Kf3 67.Re3+ Kf4 68.Re1 Kg5 69.Ra1 f4 70.Ra5+ Kf6 71.Ke1 Rb2 72.Ra6+ Kf5 73.Ra1
g3

[Event "Aut_2.Bundesliga_Ost_2003/04"]
[Site "Bruck/Leitha (1+2), Wien (3+4), Eichgraben (5-7), Wien (8+9), Eichgraben (10+11)"]
[Date "2003.10.25"]
[Round "1"]
[Board "3"]
[White "Gross, Stefan"]
[Black "Stranz, Richard"]
[Result "1-0"]
[WhiteElo "2290"]
[BlackElo "2323"]
[PlyCount "81"]

1.Nf3 c5 2.c4 Nc6 3.Nc3 g6 4.e3 Bg7 5.d4 d6 6.d5 Ne5 7.Nxe5 Bxe5 8.e4 Bg7 9.Bd3
e5 10.Bc2 Nf6 11.Ba4+ Nd7 12.a3 O-O 13.b4 cxb4 14.axb4 f5 15.Bc2 Qh4 16.O-O Nf6
17.f3 Bh6 18.Qe1 Qh5 19.Nb5 Ne8 20.Rxa7 Rxa7 21.Nxa7 Bd7 22.c5 Bxc1 23.Qxc1 dxc5
24.bxc5 Nc7 25.Qb2 Qg5 26.Qc1 f4 27.Bb3 Bh3 28.Rf2 Kg7 29.c6 bxc6 30.Qxc6 Ne8
31.d6 Nf6 32.Qc7+ Kh6 33.Kf1 Bd7 34.Bc4 Qh4 35.Kg1 g5 36.Bb5 Bxb5 37.Qe7 Nd7
38.Nxb5 Ra8 39.Qe6+ Kh5 40.Qxd7 Ra1+ 41.Rf1

[Event "Aut_2.Bundesliga_Ost_2003/04"]
[Site "Bruck/Leitha (1+2), Wien (3+4), Eichgraben (5-7), Wien (8+9), Eichgraben (10+11)"]
[Date "2003.10.25"]
[Round "1"]
[Board "4"]
[White "Krpelan, Wolfgang"]
[Black "Neumeier, Klaus"]
[Result "0-1"]
[WhiteElo "2232"]
[BlackElo "2280"]
[PlyCount "114"]

1.d4 Nf6 2.Nf3 g6 3.c3 Bg7 4.Bf4 d6 5.h3 O-O 6.e3 Nbd7 7.Bc4 Qe8 8.O-O e5 9.dxe5
dxe5 10.Bh2 Qe7 11.Nbd2 Ne8 12.a4 Nd6 13.a5 Nxc4 14.Nxc4 Rd8 15.Qc2 f6 16.Rfd1
Nc5 17.b4 Be6 18.Nfd2 Nd3 19.Nb2 Nxb2 20.Qxb2 Qf7 21.Ne4 b6 22.Rd2 Bf5 23.Ng3
Bd3 24.Ne2 f5 25.Rad1 Qc4 26.Kh1 e4 27.Bg3 bxa5 28.bxa5 Rdb8 29.Qa2 Qxa2 30.Rxa2
Rb7 31.a6 Rb6 32.Bxc7 Rxa6 33.Rxa6 Bxa6 34.Nd4 Bd3 35.Ra1 a6 36.Ba5 Rb8 37.Bb4
Rb6 38.g3 h5 39.h4 Bf6 40.Ra5 Kf7 41.Rc5 Rb7 42.Rc8 Bg7 43.Ra8 Bxd4 44.exd4 e3
45.fxe3 Be4+ 46.Kg1 Rxb4 47.Rxa6 Rb1+ 48.Kf2 Rb2+ 49.Ke1 Rg2 50.Ra7+ Kf8 51.c4
Rxg3 52.Kd2 g5 53.hxg5 h4 54.Rh7 h3 55.Kc3 Rxe3+ 56.Kb4 f4 57.Kc5 Bxh7

[Event "Aut_2.Bundesliga_Ost_2003/04"]
[Site "Bruck/Leitha (1+2), Wien (3+4), Eichgraben (5-7), Wien (8+9), Eichgraben (10+11)"]
[Date "2003.10.25"]
[Round "1"]
[Board "5"]
[White "Hechl, Gerald"]
[Black "Ranits, Franz"]
[Result "1-0"]
[WhiteElo "2228"]
[BlackElo "2250"]
[PlyCount "80"]

1.d4 g6 2.c4 Bg7 3.e4 Nc6 4.Nf3 d6 5.d5 Ne5 6.Nxe5 Bxe5 7.Nc3 Bg7 8.Bd3 e5 9.h3
Ne7 10.g4 h5 11.g5 c5 12.Be3 Bd7 13.a3 O-O 14.b4 b6 15.Rb1 Kh7 16.h4 Rb8 17.Bc2
a6 18.Ke2 f5 19.gxf6 Rxf6 20.Qd2 Bg4+ 21.Kd3 Qc7 22.bxc5 dxc5 23.Bd1 Bxd1
24.Qxd1 b5 25.cxb5 axb5 26.Rxb5 c4+ 27.Kc2 Rxb5 28.Nxb5 Qa5 29.Qb1 Qa4+ 30.Kc3
Rf3 31.Qb4 Nxd5+ 32.exd5 e4+ 33.Nd4 Qa7 34.Kxc4 Bf8 35.Nxf3 Qa6+ 36.Qb5 Qxa3
37.Ng5+ Kg8 38.Nxe4 Qa2+ 39.Kd3 Qa3+ 40.Nc3 Qe7

[Event "Aut_2.Bundesliga_Ost_2003/04"]
[Site "Bruck/Leitha (1+2), Wien (3+4), Eichgraben (5-7), Wien (8+9), Eichgraben (10+11)"]
[Date "2003.10.25"]
[Round "1"]
[Board "6"]
[White "Herbst, Daniel"]
[Black "Mayr, Thomas"]
[Result "0-1"]
[WhiteElo "2199"]
[BlackElo "2106"]
[PlyCount "98"]

1.e4 e5 2.Nf3 Nc6 3.Bb5 f5 4.exf5 e4 5.Qe2 Qe7 6.Bxc6 bxc6 7.Nd4 Qe5 8.Nb3 Qxf5
9.Nc3 Nf6 10.f3 d5 11.Nd4 Qh5 12.Nxc6 Bd6 13.Nb5 O-O 14.Nxd6 cxd6 15.f4 Qe8
16.Nd4 Qa4 17.Qe3 Ng4 18.Qc3 Rxf4 19.h3 Ne5 20.b3 Qd7 21.Ba3 Bb7 22.O-O-O Nd3+
23.Kb1 Nf2 24.Rdf1 Ba6 25.Qe3 Raf8 26.c4 dxc4 27.Ne2 R4f7 28.Rhg1 cxb3 29.axb3
Qb5 30.Nd4 Qd3+ 31.Ka2 Qxe3 32.dxe3 Bxf1 33.Rxf1 Nd3 34.Rxf7 Rxf7 35.Bxd6 Rf2+
36.Ka3 Rxg2 37.Nb5 a6 38.Nc7 Re2 39.Nd5 Ne1 40.Bc5 Kf7 41.Bb6 g5 42.Nc3 Rh2
43.Nxe4 Kg6 44.Bd8 h6 45.h4 Rxh4 46.Nc5 Rh3 47.e4 g4 48.Nxa6 g3 49.Bb6 g2

[Event "Aut_2.Bundesliga_Ost_2003/04"]
[Site "Bruck/Leitha (1+2), Wien (3+4), Eichgraben (5-7), Wien (8+9), Eichgraben (10+11)"]
[Date "2003.10.26"]
[Round "2"]
[Board "1"]
[White "Likavsky, Tomas"]
[Black "Varga, Zoltan"]
[Result "1-0"]
[WhiteElo "2472"]
[BlackElo "2564"]
[PlyCount "39"]

1.d4 d5 2.c4 dxc4 3.Nf3 a6 4.e3 Nf6 5.Bxc4 b5 6.Bd3 Bb7 7.a4 b4 8.Qe2 e6 9.O-O
c5 10.dxc5 Bxc5 11.Rd1 Qc7 12.Nbd2 Nbd7 13.Nb3 Bd5 14.Bc4 O-O 15.Bxd5 exd5
16.Bd2 a5 17.Rdc1 Ra7 18.Nxc5 Nxc5 19.Nd4 Rc8 20.Qf3

[Event "Aut_2.Bundesliga_Ost_2003/04"]
[Site "Bruck/Leitha (1+2), Wien (3+4), Eichgraben (5-7), Wien (8+9), Eichgraben (10+11)"]
[Date "2003.10.26"]
[Round "2"]
[Board "2"]
[White "Vavrak, Peter"]
[Black "Antal, Gergely"]
[Result "1-0"]
[WhiteElo "2338"]
[BlackElo "2498"]
[PlyCount "65"]

1.d4 f5 2.g3 Nf6 3.Bg2 g6 4.c4 Bg7 5.Nh3 d6 6.d5 Nbd7 7.Nd2 O-O 8.Nf4 Ne5 9.Qc2
c5 10.O-O Rb8 11.a4 b6 12.b3 a6 13.Bb2 b5 14.Nd3 Nxd3 15.exd3 bxc4 16.bxc4 f4
17.Bc3 Bf5 18.Rab1 Qd7 19.a5 Ng4 20.Bxg7 Kxg7 21.Nf3 Nf6 22.Rfe1 h6 23.Nh4 Kf7
24.Be4 Bxe4 25.dxe4 fxg3 26.hxg3 e5 27.dxe6+ Qxe6 28.e5 Ng4 29.exd6 Rxb1 30.Qxb1
Qxd6 31.Nxg6 Qf6 32.Nf4 Kg8 33.Re6

[Event "Aut_2.Bundesliga_Ost_2003/04"]
[Site "Bruck/Leitha (1+2), Wien (3+4), Eichgraben (5-7), Wien (8+9), Eichgraben (10+11)"]
[Date "2003.10.26"]
[Round "2"]
[Board "3"]
[White "Dudas, Jan"]
[Black "Stranz, Richard"]
[Result "0-1"]
[WhiteElo "2320"]
[BlackElo "2323"]
[PlyCount "54"]

1.d4 Nf6 2.Nf3 c5 3.c4 cxd4 4.Nxd4 e5 5.Nb5 d5 6.cxd5 Bc5 7.N5c3 O-O 8.h3 b5
9.a3 b4 10.axb4 Bxb4 11.Bd2 Bxc3 12.Bxc3 Nxd5 13.Bxe5 Nc6 14.Bc3 Bf5 15.e3 Nxe3
16.fxe3 Qh4+ 17.Ke2 Rad8 18.Qe1 Bd3+ 19.Kf3 Ne5+ 20.Bxe5 Qxe1 21.Bxd3 Qxh1
22.Bd4 Qd1+ 23.Be2 Qc2 24.Nc3 Rfe8 25.Kf2 Qxb2 26.Nb5 Rxd4 27.Rxa7 Rd2

[Event "Aut_2.Bundesliga_Ost_2003/04"]
[Site "Bruck/Leitha (1+2), Wien (3+4), Eichgraben (5-7), Wien (8+9), Eichgraben (10+11)"]
[Date "2003.10.26"]
[Round "2"]
[Board "4"]
[White "Krpelan, Wolfgang"]
[Black "Todor, Razvan"]
[Result "1-0"]
[WhiteElo "2232"]
[BlackElo "2223"]
[PlyCount "85"]

1.c4 c5 2.Nf3 Nc6 3.g3 Nf6 4.Bg2 d5 5.cxd5 Nxd5 6.Nc3 Nc7 7.O-O e5 8.d3 Be7
9.Be3 O-O 10.Rc1 Rb8 11.Na4 b6 12.a3 Bd7 13.Re1 Qe8 14.Nc3 f6 15.Nd2 Be6 16.Nc4
Nd4 17.Bxd4 exd4 18.Ne4 Qd7 19.Ned2 Rfe8 20.e4 dxe3 21.Nxe3 f5 22.Qh5 Bf6 23.Nf3
Bf7 24.Qxf5 Qxf5 25.Nxf5 Bxb2 26.Nd6 Bxc1 27.Nxe8 Bxa3 28.Nxc7 Bb4 29.Rb1 Rb7
30.Nb5 a5 31.Nd6 Ra7 32.Nxf7 Kxf7 33.Ne5+ Kf6 34.Nc6 Rc7 35.Rc1 Bd2 36.Rc2 Bb4
37.Nxb4 axb4 38.Bd5 Ra7 39.Bc4 Ke5 40.Kf1 Kd4 41.Ke2 Re7+ 42.Kf3 Rf7+ 43.Bxf7

[Event "Aut_2.Bundesliga_Ost_2003/04"]
[Site "Bruck/Leitha (1+2), Wien (3+4), Eichgraben (5-7), Wien (8+9), Eichgraben (10+11)"]
[Date "2003.10.26"]
[Round "2"]
[Board "5"]
[White "Achs, Reinhold"]
[Black "Ranits, Franz"]
[Result "0-1"]
[WhiteElo "2140"]
[BlackElo "2250"]
[PlyCount "106"]

1.b3 Nf6 2.Bb2 g6 3.g3 Bg7 4.Bg2 d6 5.e3 e5 6.Ne2 c6 7.c4 Nbd7 8.Nbc3 O-O 9.O-O
Re8 10.d3 Nf8 11.h3 Be6 12.Kh2 d5 13.Qc2 Qa5 14.a4 Rad8 15.Na2 dxc4 16.bxc4 Bf5
17.e4 Bc8 18.Nac1 Ne6 19.Nb3 Qc7 20.a5 Nd7 21.c5 Bf8 22.Ba3 Nb8 23.Qc3 Na6
24.Rac1 Qd7 25.Rfd1 Nac7 26.Qa1 Nb5 27.Bb2 Bg7 28.h4 Qc7 29.Bh3 Rf8 30.Qb1 f5
31.exf5 gxf5 32.Rg1 f4 33.Qc2 f3 34.Nc3 Ned4 35.Nxb5 cxb5 36.Nxd4 exd4 37.Qb3+
Kh8 38.Bxc8 Qxc8 39.Rge1 Rde8 40.Qd5 Re2 41.Bxd4 Rfe8 42.Bxg7+ Kxg7 43.Rxe2 fxe2
44.Re1 Qc6 45.Qd4+ Kf7 46.Qf4+ Qf6 47.Qxf6+ Kxf6 48.Kg2 b4 49.a6 bxa6 50.c6 b3
51.f3 Rc8 52.Rxe2 Rxc6 53.Kh3 a5

[Event "Aut_2.Bundesliga_Ost_2003/04"]
[Site "Bruck/Leitha (1+2), Wien (3+4), Eichgraben (5-7), Wien (8+9), Eichgraben (10+11)"]
[Date "2003.10.26"]
[Round "2"]
[Board "6"]
[White "Galavics, Hermann"]
[Black "Allacher, Erwin"]
[Result "1/2-1/2"]
[WhiteElo "2086"]
[BlackElo "2174"]
[PlyCount "101"]

1.d4 f5 2.Nf3 Nf6 3.g3 g6 4.Bg2 Bg7 5.O-O d6 6.c4 O-O 7.Nc3 c6 8.Qc2 Na6 9.a3
Qe8 10.d5 Bd7 11.Rd1 Nc7 12.Nd4 Rb8 13.b4 cxd5 14.cxd5 Qf7 15.Qb3 Ng4 16.Rb1 Qf6
17.e3 g5 18.h3 Ne5 19.Nce2 h6 20.Bb2 Qg6 21.a4 Rbc8 22.Rbc1 Qf7 23.b5 Ng6 24.f4
Rfd8 25.Rc2 Nf8 26.Rdc1 Ne8 27.Kh2 Rxc2 28.Rxc2 Rc8 29.Rxc8 Bxc8 30.Qc3 Bd7
31.Qa5 Nf6 32.Qxa7 Nxd5 33.Bc1 Bxd4 34.Nxd4 Nc3 35.Qxb7 Nxa4 36.Qa7 Qc4 37.Bd2
e5 38.fxe5 dxe5 39.Qa8 Nb6 40.Qb7 Qc5 41.Ba5 exd4 42.Bxb6 Qxb5 43.Qd5+ Qxd5
44.Bxd5+ Be6 45.Bxe6+ Nxe6 46.exd4 Kf7 47.g4 Nf4 48.Kg3 h5 49.gxf5 Kf6 50.h4
Kxf5 51.hxg5

[Event "Aut_2.Bundesliga_Ost_2003/04"]
[Site "Bruck/Leitha (1+2), Wien (3+4), Eichgraben (5-7), Wien (8+9), Eichgraben (10+11)"]
[Date "2003.10.26"]
[Round "2"]
[Board "1"]
[White "Plachetka, Jan"]
[Black "Videki, Sandor"]
[Result "1/2-1/2"]
[WhiteElo "2457"]
[BlackElo "2430"]
[PlyCount "66"]

1.d4 d5 2.Nf3 c6 3.c4 e6 4.Nc3 Nf6 5.e3 Nbd7 6.Qc2 Bd6 7.b3 O-O 8.Be2 Re8 9.O-O
dxc4 10.bxc4 e5 11.a4 exd4 12.exd4 Nf8 13.Bb2 Ng6 14.g3 Bg4 15.Rfe1 Qa5 16.c5
Bf8 17.Ng5 Bxe2 18.Rxe2 Rxe2 19.Qxe2 Ne7 20.Nce4 Ned5 21.Qc4 Nxe4 22.Nxe4 Re8
23.Nc3 Qb4 24.Qxb4 Nxb4 25.Rd1 Rd8 26.Kf1 f5 27.Ke2 Be7 28.Nb1 b6 29.cxb6 axb6
30.Ba3 Ra8 31.Nc3 Na2 32.Nxa2 Bxa3 33.Rb1 Rxa4

[Event "Aut_2.Bundesliga_Ost_2003/04"]
[Site "Bruck/Leitha (1+2), Wien (3+4), Eichgraben (5-7), Wien (8+9), Eichgraben (10+11)"]
[Date "2003.10.26"]
[Round "2"]
[Board "2"]
[White "Neubauer, Martin"]
[Black "Staudner, Oliver"]
[Result "1/2-1/2"]
[WhiteElo "2418"]
[BlackElo "2359"]
[PlyCount "75"]

1.e4 e6 2.d4 d5 3.Nd2 Be7 4.Bd3 dxe4 5.Nxe4 Nf6 6.Nf3 Nbd7 7.Qe2 O-O 8.O-O b6
9.Nxf6+ Nxf6 10.Bf4 Bb7 11.Rad1 Qc8 12.c4 Re8 13.Bc2 c5 14.Ba4 Bc6 15.Bxc6 Qxc6
16.Ne5 Qb7 17.dxc5 Bxc5 18.Rd3 Rad8 19.Rfd1 Rxd3 20.Qxd3 Qe4 21.Bg3 a6 22.Nd7
Qxd3 23.Nxf6+ gxf6 24.Rxd3 e5 25.Kf1 Bd4 26.b3 b5 27.cxb5 axb5 28.a4 Rc8 29.axb5
Rc5 30.f3 Rxb5 31.Bf2 Bxf2 32.Kxf2 f5 33.Ke3 Kg7 34.Kd2 Kg6 35.Kc3 Kg5 36.Kc4
Rb8 37.Rd7 f6 38.Rxh7

[Event "Aut_2.Bundesliga_Ost_2003/04"]
[Site "Bruck/Leitha (1+2), Wien (3+4), Eichgraben (5-7), Wien (8+9), Eichgraben (10+11)"]
[Date "2003.10.26"]
[Round "2"]
[Board "3"]
[White "Beckhuis, Gernod"]
[Black "Gross, Stefan"]
[Result "1/2-1/2"]
[WhiteElo "2320"]
[BlackElo "2290"]
[PlyCount "94"]

1.d4 Nf6 2.c4 c5 3.d5 g6 4.Nc3 Bg7 5.e4 d6 6.h3 b5 7.cxb5 a6 8.Nf3 O-O 9.a4 Nbd7
10.Rb1 axb5 11.axb5 Qa5 12.Bd2 Nb6 13.Bd3 Nfd7 14.Ne2 Qa4 15.b3 Qa3 16.O-O Bb7
17.Qc2 Qa2 18.Qd1 Rfc8 19.Bc3 Bxc3 20.Nxc3 Qa5 21.Ne2 Qb4 22.Ne1 Qa5 23.Nc2 c4
24.bxc4 Nxc4 25.Bxc4 Rxc4 26.Ncd4 Nf6 27.Qd3 Ra4 28.Rfc1 Ra3 29.Qc2 Qd8 30.Qc7
Rb8 31.Qxd8+ Rxd8 32.Rc7 Rd7 33.Rbc1 Kf8 34.Rxd7 Nxd7 35.Rc7 Nc5 36.Nc6 Ra1+
37.Kh2 Ra2 38.Ned4 Rxf2 39.Rxe7 Rf4 40.Rc7 Rxe4 41.Nb3 Nxb3 42.Rxb7 Nc5 43.Ra7
Re2 44.Nd8 Rb2 45.Nxf7 Ne4 46.Nd8 Rxb5 47.Rxh7 Ng5

[Event "Aut_2.Bundesliga_Ost_2003/04"]
[Site "Bruck/Leitha (1+2), Wien (3+4), Eichgraben (5-7), Wien (8+9), Eichgraben (10+11)"]
[Date "2003.10.26"]
[Round "2"]
[Board "4"]
[White "Neumeier, Klaus"]
[Black "Schumi, Manfred"]
[Result "1/2-1/2"]
[WhiteElo "2280"]
[BlackElo "2220"]
[PlyCount "88"]

1.e4 c5 2.Nf3 d6 3.Bb5+ Nd7 4.d4 Ngf6 5.Nc3 cxd4 6.Qxd4 e5 7.Qd3 h6 8.Be3 Be7
9.Bc4 a6 10.a4 Qa5 11.O-O Nc5 12.Bxc5 Qxc5 13.Nd5 Nxd5 14.Qxd5 Qxd5 15.Bxd5 Rb8
16.Rfd1 Be6 17.Rd3 Bxd5 18.Rxd5 Rc8 19.c3 O-O 20.Nd2 Rc6 21.a5 Rfc8 22.Nf1 g6
23.Rdd1 Bg5 24.g3 h5 25.h4 Bh6 26.f3 Kf8 27.Kf2 Ke7 28.Ne3 Bxe3+ 29.Kxe3 Rc5
30.Rd3 Ke6 31.Rad1 R8c6 32.Rd5 Ke7 33.g4 Rxd5 34.Rxd5 Rc5 35.Kd3 f6 36.Rxc5 dxc5
37.gxh5 gxh5 38.Kc4 Kd6 39.b4 cxb4 40.cxb4 Kc6 41.b5+ Kd6 42.bxa6 bxa6 43.Kb4
Kc6 44.Kc4 Kd6

[Event "Aut_2.Bundesliga_Ost_2003/04"]
[Site "Bruck/Leitha (1+2), Wien (3+4), Eichgraben (5-7), Wien (8+9), Eichgraben (10+11)"]
[Date "2003.10.26"]
[Round "2"]
[Board "5"]
[White "Vokroj, Rene"]
[Black "Hechl, Gerald"]
[Result "1-0"]
[WhiteElo "2257"]
[BlackElo "2228"]
[PlyCount "33"]

1.Nf3 Nf6 2.g3 b5 3.Bg2 Bb7 4.O-O e6 5.d3 d5 6.Nbd2 Be7 7.e4 dxe4 8.dxe4 Nxe4
9.Ne5 Nd6 10.Bxb7 Nxb7 11.Qf3 Qd5 12.Qxf7+ Kd8 13.Qxg7 Rf8 14.c4 bxc4 15.Ndxc4
Nd6 16.Bg5 Re8 17.Rfd1

[Event "Aut_2.Bundesliga_Ost_2003/04"]
[Site "Bruck/Leitha (1+2), Wien (3+4), Eichgraben (5-7), Wien (8+9), Eichgraben (10+11)"]
[Date "2003.10.26"]
[Round "2"]
[Board "6"]
[White "Pichler, Michael"]
[Black "Rogetzer, Klaus"]
[Result "1/2-1/2"]
[WhiteElo "2172"]
[BlackElo "2119"]
[PlyCount "36"]

1.e4 d6 2.d4 Nf6 3.Nc3 g6 4.g3 Bg7 5.Bg2 O-O 6.Nge2 e5 7.h3 Nc6 8.Be3 exd4
9.Nxd4 Bd7 10.O-O Re8 11.f4 Nb4 12.Bf2 c5 13.Nb3 Bc6 14.a3 Na6 15.Re1 Qc7 16.Qd2
Rad8 17.Rad1 b6 18.g4 Qb7

[Event "Aut_2.Bundesliga_Ost_2003/04"]
[Site "Bruck/Leitha (1+2), Wien (3+4), Eichgraben (5-7), Wien (8+9), Eichgraben (10+11)"]
[Date "2003.10.26"]
[Round "2"]
[Board "1"]
[White "Penz, Harald"]
[Black "Polak, Thomas"]
[Result "1/2-1/2"]
[WhiteElo "2307"]
[BlackElo "2490"]
[PlyCount "54"]

1.e4 c6 2.d4 d5 3.exd5 cxd5 4.Bd3 Nc6 5.c3 Nf6 6.h3 g6 7.Bf4 Bg7 8.Nf3 O-O 9.O-O
Bd7 10.Nbd2 Qc8 11.Re1 Bf5 12.Bb5 Re8 13.Ne5 Nd7 14.Ndf3 a6 15.Nxc6 bxc6 16.Bd3
Bxd3 17.Qxd3 f6 18.Qd2 e5 19.Bh6 e4 20.Bxg7 Kxg7 21.Nh2 Re6 22.b3 f5 23.c4 Nf6
24.Rac1 Qd7 25.Nf1 Rf8 26.Rc3 Rf7 27.c5 Ne8

[Event "Aut_2.Bundesliga_Ost_2003/04"]
[Site "Bruck/Leitha (1+2), Wien (3+4), Eichgraben (5-7), Wien (8+9), Eichgraben (10+11)"]
[Date "2003.10.26"]
[Round "2"]
[Board "2"]
[White "Groetz, Harald"]
[Black "Komora, Andrej"]
[Result "0-1"]
[WhiteElo "2359"]
[BlackElo "2298"]
[PlyCount "80"]

1.e4 e6 2.d4 d5 3.Nd2 c5 4.exd5 Qxd5 5.Ngf3 cxd4 6.Bc4 Qd8 7.O-O a6 8.Nb3 Qc7
9.Qe2 Bd6 10.Nbxd4 Ne7 11.Rd1 Bd7 12.Qd3 Bf4 13.Bxf4 Qxf4 14.Bxe6 Qd6 15.Bxd7+
Qxd7 16.Ne5 Qc7 17.Qg3 g6 18.Re1 Qb6 19.Nxg6 hxg6 20.Qe5 O-O 21.Qxe7 Qxd4
22.Qxb7 Ra7 23.Qb3 Nc6 24.Rad1 Re7 25.Rf1 Qf6 26.Qa4 a5 27.Rd3 Re2 28.Rc3 Nd4
29.Rc4 Rd8 30.c3 Nf5 31.Qxa5 Rxb2 32.h3 Rdd2 33.a4 Nd6 34.Rb4 Rxf2 35.Rxb2 Rxf1+
36.Kh2 Qf4+ 37.g3 Qc1 38.Rb8+ Kh7 39.Rh8+ Kxh8 40.Qd8+ Kg7

[Event "Aut_2.Bundesliga_Ost_2003/04"]
[Site "Bruck/Leitha (1+2), Wien (3+4), Eichgraben (5-7), Wien (8+9), Eichgraben (10+11)"]
[Date "2003.10.26"]
[Round "2"]
[Board "3"]
[White "Hangweyrer, Roman"]
[Black "Chytilek, Roman"]
[Result "0-1"]
[WhiteElo "2214"]
[BlackElo "2418"]
[PlyCount "62"]

1.Nf3 c5 2.c4 Nc6 3.d4 cxd4 4.Nxd4 g6 5.e4 Bg7 6.Be3 Nf6 7.Nc3 Ng4 8.Qxg4 Nxd4
9.Qd1 e5 10.Nb5 O-O 11.Qd2 Qh4 12.Bd3 Nxb5 13.cxb5 h6 14.O-O d6 15.Rac1 Be6
16.Rc7 b6 17.a4 d5 18.exd5 Bxd5 19.f3 Rad8 20.Qc2 Qb4 21.Rxa7 Bb3 22.Qe2 Rd6
23.Rc1 Rfd8 24.Bc2 Rd2 25.Bxd2 Rxd2 26.Ra8+ Kh7 27.Bxg6+ fxg6 28.Qe4 Qd6 29.a5
Bd5 30.Rc6 Bxc6 31.bxc6 Qc5+

[Event "Aut_2.Bundesliga_Ost_2003/04"]
[Site "Bruck/Leitha (1+2), Wien (3+4), Eichgraben (5-7), Wien (8+9), Eichgraben (10+11)"]
[Date "2003.10.26"]
[Round "2"]
[Board "4"]
[White "Hangweyrer, Manfred"]
[Black "Mueller, Roland"]
[Result "1-0"]
[WhiteElo "2303"]
[BlackElo "2113"]
[PlyCount "57"]

1.Nf3 Nc6 2.e4 e5 3.Nc3 Nf6 4.g3 Bc5 5.Bg2 d6 6.d3 Be6 7.Na4 Qd7 8.Nxc5 dxc5
9.b3 Bh3 10.O-O O-O-O 11.Bb2 Rhe8 12.Bxh3 Qxh3 13.Ng5 Qd7 14.f4 Ng4 15.Nxf7 Ne3
16.Qe2 Nxf1 17.Nxd8 Nxg3 18.hxg3 Nd4 19.Qf2 Kxd8 20.fxe5 Rxe5 21.Rf1 Rg5 22.Kg2
h5 23.Bc1 Rg4 24.Qf8+ Qe8 25.Qxc5 Ne6 26.Qf5 g6 27.Qd5+ Kc8 28.Rf6 Nd8 29.Kh3

[Event "Aut_2.Bundesliga_Ost_2003/04"]
[Site "Bruck/Leitha (1+2), Wien (3+4), Eichgraben (5-7), Wien (8+9), Eichgraben (10+11)"]
[Date "2003.10.26"]
[Round "2"]
[Board "5"]
[White "Prager, Manfred"]
[Black "Wiedermann, Franz"]
[Result "1/2-1/2"]
[WhiteElo "2099"]
[BlackElo "2105"]
[PlyCount "28"]

1.e4 d5 2.exd5 Qxd5 3.Nc3 Qa5 4.Nf3 Nf6 5.Be2 c6 6.O-O b5 7.d3 Bb7 8.Ne4 Nbd7
9.Bd2 Qc7 10.Qc1 Nxe4 11.dxe4 e6 12.Bf4 e5 13.Bg3 Be7 14.Rd1 O-O

[Event "Aut_2.Bundesliga_Ost_2003/04"]
[Site "Bruck/Leitha (1+2), Wien (3+4), Eichgraben (5-7), Wien (8+9), Eichgraben (10+11)"]
[Date "2003.10.26"]
[Round "2"]
[Board "6"]
[White "Schirmbeck, Hannes"]
[Black "Krasser, Margit"]
[Result "1-0"]
[WhiteElo "2117"]
[BlackElo "2048"]
[PlyCount "109"]

1.e4 c6 2.d4 d5 3.e5 Bf5 4.Nf3 e6 5.Be2 c5 6.Be3 Qb6 7.Nc3 c4 8.Rb1 Nc6 9.Nh4
Bg6 10.O-O Bb4 11.Na4 Qa5 12.Nxg6 hxg6 13.c3 Be7 14.b4 Qc7 15.b5 Na5 16.b6 axb6
17.Nxb6 Ra6 18.Na4 Nf6 19.Rb5 Nd7 20.Qb1 Qc6 21.f4 b6 22.g4 Nb3 23.Rxb3 Qxa4
24.Rb2 Qc6 25.Bd1 Ra3 26.Rc2 Rh3 27.Bf3 b5 28.Bc1 Ra4 29.Kg2 Rh4 30.Rb2 b4
31.Bd1 Ra3 32.cxb4 Rah3 33.Kg1 Qb6 34.Rd2 Qxb4 35.Qxb4 Bxb4 36.Rdf2 Bc3 37.Bb2
Ba5 38.f5 gxf5 39.gxf5 exf5 40.Ba4 g6 41.Re2 Ke7 42.Bc6 Ke6 43.Rb1 c3 44.Ba3
Rg4+ 45.Kh1 c2 46.Rb7 Rxa3 47.Bxd7+ Ke7 48.Bxf5+ Kf8 49.Bxc2 Rxa2 50.Rf2 Ra1+
51.Bb1 Rxd4 52.Rfxf7+ Ke8 53.Rf1 Rxb1 54.Rfxb1 Bc3 55.Rh7

[Event "Aut_2.Bundesliga_Ost_2003/04"]
[Site "Bruck/Leitha (1+2), Wien (3+4), Eichgraben (5-7), Wien (8+9), Eichgraben (10+11)"]
[Date "2003.10.26"]
[Round "2"]
[Board "1"]
[White "Lau, Ralf"]
[Black "Palkoevi, Jozsef"]
[Result "1-0"]
[WhiteElo "2497"]
[BlackElo "2428"]
[PlyCount "30"]

1.d4 Nf6 2.Nf3 e6 3.c3 b6 4.Bg5 Bb7 5.Nbd2 h6 6.Bxf6 Qxf6 7.e4 g5 8.h3 h5 9.Bd3
g4 10.hxg4 hxg4 11.Rxh8 Qxh8 12.Ne5 g3 13.fxg3 d6 14.Nec4 Nd7 15.Qf3 f5

[Event "Aut_2.Bundesliga_Ost_2003/04"]
[Site "Bruck/Leitha (1+2), Wien (3+4), Eichgraben (5-7), Wien (8+9), Eichgraben (10+11)"]
[Date "2003.10.26"]
[Round "2"]
[Board "2"]
[White "Rumpl, Erwin"]
[Black "Kleiser, Gregor"]
[Result "0-1"]
[WhiteElo "2254"]
[BlackElo "2235"]
[PlyCount "68"]

1.g3 g6 2.Bg2 Bg7 3.f4 Nf6 4.Nf3 O-O 5.O-O d5 6.d3 c5 7.Qe1 b6 8.Na3 Bb7 9.c3
Nc6 10.h3 Re8 11.Qf2 Qd7 12.Ne5 Qe6 13.Nxc6 Bxc6 14.g4 a6 15.Nc2 Rad8 16.Bd2 Qc8
17.Rac1 Ba8 18.Bf3 e5 19.fxe5 Rxe5 20.Bf4 Re7 21.Qh4 Rde8 22.Bg5 Re6 23.Rf2 Nd7
24.Rcf1 d4 25.cxd4 Bxf3 26.Rxf3 Rxe2 27.Bh6 Rxc2 28.Bxg7 Ree2 29.Qg3 Kxg7
30.Rxf7+ Kg8 31.d5 Qe8 32.R7f3 Qe5 33.Rf4 Qe3+ 34.Qxe3 Rg2+

[Event "Aut_2.Bundesliga_Ost_2003/04"]
[Site "Bruck/Leitha (1+2), Wien (3+4), Eichgraben (5-7), Wien (8+9), Eichgraben (10+11)"]
[Date "2003.10.26"]
[Round "2"]
[Board "4"]
[White "Wadsack, Wolfgang"]
[Black "Schwaninger, Wolfgang"]
[Result "1/2-1/2"]
[WhiteElo "2176"]
[BlackElo "2226"]
[PlyCount "143"]

1.e4 g6 2.d4 Bg7 3.c3 d6 4.f4 Nc6 5.Nf3 Bg4 6.h3 Bxf3 7.Qxf3 e5 8.fxe5 dxe5 9.d5
Nce7 10.Bb5+ c6 11.dxc6 Nxc6 12.Bxc6+ bxc6 13.O-O f6 14.Be3 Ne7 15.Rd1 Qc7
16.Qg4 f5 17.exf5 Nxf5 18.Bc5 Bf8 19.Bf2 Bd6 20.Nd2 O-O 21.Ne4 Be7 22.h4 Rad8
23.h5 Kg7 24.Rxd8 Rxd8 25.Rd1 Rd5 26.c4 Rxd1+ 27.Qxd1 c5 28.hxg6 hxg6 29.Qd5 Nd4
30.Kf1 Bf8 31.Bg3 Qf7+ 32.Qxf7+ Kxf7 33.Bxe5 Nf5 34.Ke2 Ke6 35.Bc3 Nh4 36.g3 Nf5
37.g4 Nh6 38.Ng5+ Kd7 39.Kf3 Be7 40.Ne4 Ke6 41.a3 Nf7 42.Kf4 Bd6+ 43.Ke3 Be7
44.b4 cxb4 45.axb4 Ne5 46.Bxe5 Kxe5 47.c5 Kd5 48.Kd3 a6 49.Nc3+ Ke5 50.Kc4 Bd8
51.Nd5 g5 52.Nb6 Kf4 53.Kd5 Kxg4 54.Kd6 Kf3 55.Nc4 Ke4 56.Kd7 g4 57.Kxd8 g3
58.Nd2+ Kf4 59.c6 g2 60.c7 g1=Q 61.c8=Q Qd4+ 62.Qd7 Qxb4 63.Qf7+ Ke3 64.Nc4+ Kd4
65.Qf4+ Kc3 66.Qc1+ Kd4 67.Nd2 Qd6+ 68.Ke8 Qe6+ 69.Kf8 Qf6+ 70.Kg8 Qg6+ 71.Kf8
Qf6+ 72.Kg8